000
00324nam a22001457a 4500
008
210305b ||||| |||| 00| 0 eng d
020
_a
9780321365132
041
_a
eng
080
_2
3third
_a
311
082
_2
311
100
_a
55
101
_a
STA
245
_a
Elementary Statistics
_c
Marion F,Triola
942
_2
udc
_c
BK
999
_c
55835
_d
55835